000
00255nam a22001097a 4500
008
131217t xxu||||| |||| 00| 0 eng d
020
_a
0-00-711928-3
100
_a
Agatha Christie
_9
447
245
_a
The Murder on the Links
300
_a
340
942
_2
ddc
_c
BK
999
_c
16718
_d
16718